Montañero / (Registro nro. 58318)

Detalles MARC
000 -CABECERA
Longitud fija campo de control 01735nam a2200421 c 4500
003 - • IDENTIFICADOR DELl NÚMERO DE CONTROL
Identificador del número de control CO-BoRNBP
005 - • FECHA Y HORA DE LA ÚLTIMA TRANSACCIÓN
Fecha y hora de la última transacción 20250821201607.0
007 - • CAMPO FIJO DE DESCRIPCIÓN FÍSICA
Campo fijo de descripción física ta
008 - • CÓDIGOS DE INFORMACIÓN DE LONGITUD FIJA
Códigos de información de longitud fija 210813s2018 ck a br 000 0 spa d
020 ## - • NÚMERO INTERNACIONAL NORMALIZADO PARA LIBROS
Número Internacional Normalizado para Libros (ISBN) 9789584843296
040 ## - FUENTE DE LA CATALOGACIÓN
Centro catalogador de origen CO-BoRNBP
Lengua de catalogación spa
Normas de descripción rda
Centro transcriptor CO-BoRNBP
041 0# - • CÓDIGO DE LENGUA
Código de lengua del texto/banda sonora o título independiente spa
082 04 - • NÚMERO DE LA CLASIFICACIÓN DECIMAL DEWEY
Número de clasificación (R) 398.8861
Número del ítem V24m
Número de edición 22
084 ## - • Clasificación Local Alfanúmerica PNLB
Número de clasificación P VEL
100 ## - • PUNTO DE ACCESO PRINCIPAL-NOMBRE DE PERSONA
Nombre de persona Velandia, Edson,
Fechas asociadas al nombre 1975-
Término indicativo de función aut
245 10 - • TITULO PROPIAMENTE DICHO
Título Montañero /
Mención de responsabilidad, etc. canciones y producción Edson Velandia ; ilustraciones Luciano Awa ; con la participación de Nayra Guadalupe, Eloísa Pérez Pereira y Violeta Camacho Hernández.
250 ## - • MENCIÓN DE EDICIÓN
Mención de edición Primera edición
264 #1 - PRODUCCIÓN, PUBLICACIÓN , DISTRIBUCIÓN, FABRICACIÓN Y COPYRIGHT
Lugar de producción, publicación, distribución, fabricación Piedecuesta, Santander :
Nombre del productor, editor, distribuidor, fabricante Cinechichera,
Fecha de de producción, publicación, distribución, fabricación o copyright 2018
300 ## - • DESCRIPCIÓN FÍSICA
Extensión 31 páginas :
Otras características físicas ilustraciones +
Material Anexo 1 CD
336 ## - TIPO DE CONTENIDO
Fuente rdacontent
Término de tipo de contenido texto
Código de tipo de contenido txt
337 ## - TIPO DE MEDIO
Fuente rdamedia
Nombre del tipo de medio sin mediación
Código del tipo de medio n
338 ## - TIPO DE SOPORTE
Fuente rdacarrier
Nombre del tipo de soporte volumen
Código del tipo de soporte nc
500 ## - • NOTA GENERAL
Nota general El CD incluye la interpretación de las canciones
505 1# - • NOTA DE CONTENIDO CON FORMATO
Nota de contenido con formato Las palomas -- Los rratones -- La bailarina -- Montañero -- El elefante -- Serenauta -- El chulito -- Emilio -- La bruja -- Afinamesta -- Manos arriba -- Aserrín aserrán -- No megus -- La tetica
521 ## - • NOTA DE PÚBLICO DESTINATARIO
Nota público destinatario (R ) Recomendado para un público infantil mayor de 6 años
650 07 - • PUNTO DE ACCESO ADICIONAL DE MATERIA - TÉRMINO DE MATERIA
Término de materia o nombre geográfico como elemento inicial Cancioneros infantiles
Fuente del encabezamiento o término lemb
650 07 - • PUNTO DE ACCESO ADICIONAL DE MATERIA - TÉRMINO DE MATERIA
Término de materia o nombre geográfico como elemento inicial Canciones infantiles colombianas
Fuente del encabezamiento o término LEMB
650 04 - • PUNTO DE ACCESO ADICIONAL DE MATERIA - TÉRMINO DE MATERIA
Término de materia o nombre geográfico como elemento inicial Literatura colombiana
Fuente del encabezamiento o término LEMB
650 07 - • PUNTO DE ACCESO ADICIONAL DE MATERIA - TÉRMINO DE MATERIA
Término de materia o nombre geográfico como elemento inicial Música infantil colombiana
Fuente del encabezamiento o término lemb
650 07 - • PUNTO DE ACCESO ADICIONAL DE MATERIA - TÉRMINO DE MATERIA
Término de materia o nombre geográfico como elemento inicial Rimas infantiles
Subdivisión de forma Poesía
Fuente del encabezamiento o término lemb
655 ## - • TÉRMINO DE INDIZACIÓN - GÉNERO/FORMA
Datos o término principal de género/forma Poesía
9 (RLIN) 62912
700 ## - • PUNTO DE ACCESO ADICIONAL - NOMBRE DE PERSONA
Nombre de persona Awa, Luciano
Término indicativo de función ill
700 ## - • PUNTO DE ACCESO ADICIONAL - NOMBRE DE PERSONA
Nombre de persona Camacho Hernández, Violeta
Término indicativo de función ill
700 ## - • PUNTO DE ACCESO ADICIONAL - NOMBRE DE PERSONA
Nombre de persona Guadalupe, Nayra
Término indicativo de función ill
700 ## - • PUNTO DE ACCESO ADICIONAL - NOMBRE DE PERSONA
Nombre de persona Pérez Pereira, Eloísa
Término indicativo de función ill
942 ## - ENTRADA DE ELEMENTOS AGREGADOS (KOHA)
Fuente de clasificaión o esquema Dewey Decimal Classification
Koha [por defecto] tipo de item Libro Infantil
Existencias
Perdido Fuente de clasificación o esquema Estado Físico No para préstamo Forma de adquisición Localización permanente Localización actual Localización en estanterías Fecha adquisición Préstamos totales Signatura completa Código de barras Fecha última consulta Número de copia Fecha del precio de reemplazo Tipo de item de Koha
  Clasificación Local Facetada     Infantil Biblioteca Pública San Juanito - Ernesto Maria Peña Romero Biblioteca Pública San Juanito - Ernesto Maria Peña Romero Sala Infantil 08/21/2025   P VEL SJU01448 08/21/2025 Ej.1 08/21/2025 Libro Infantil









Instituto Departamental de Cultura del Meta - Red Departamental de Bibliotecas Públicas del Meta.